Optimal performance of civil infrastructure systems : proceedings of the International Workshop on Optimal Performance of Civil Infrastructure Systems held in conjunction with the ASCE Technical Committee on Optimal Structural Design Meeting at the Structural Congress XV /

Bibliographic Details
Corporate Authors: International Workshop on Optimal Performance of Civil Infrastructure Systems Portland, Ore, ASCE Technical Committee on Optimal Structural Design Meeting, Structures Congress
Other Authors: Frangopol, Dan M.
Format: Conference Proceeding Book
Language:English
Published: Reston, VA : American Society of Civil Engineers, [1998]
Subjects:

MARC

Tag First Indicator Second Indicator Subfields
LEADER 00000cam a2200000 a 4500
001 in00001402439
005 20151020055356.0
008 971113s1997 vau 001 0 eng
010 |a  97048535  
020 |a 0784403155 
035 |a (OCoLC)37976169 
035 |9 AHN4310AM 
040 |a DLC  |c DLC  |d TXA  |d UtOrBLW 
049 |a TXAM 
050 0 0 |a TA153  |b .I54 1997 
082 0 0 |a 624  |2 21 
111 2 |a International Workshop on Optimal Performance of Civil Infrastructure Systems  |d (1997 :  |c Portland, Ore) 
245 1 0 |a Optimal performance of civil infrastructure systems :  |b proceedings of the International Workshop on Optimal Performance of Civil Infrastructure Systems held in conjunction with the ASCE Technical Committee on Optimal Structural Design Meeting at the Structural Congress XV /  |c sponsored by the National Science Foundation [and others] ; edited by Dan M. Frangopol. 
264 1 |a Reston, VA :  |b American Society of Civil Engineers,  |c [1998] 
264 4 |c ©1998 
300 |a ix, 222 pages ;  |c 22 cm. 
336 |a text  |b txt  |2 rdacontent 
337 |a unmediated  |b n  |2 rdamedia 
338 |a volume  |b nc  |2 rdacarrier 
504 |a Includes bibliographical references and indexes. 
650 0 |a Civil engineering. 
650 0 |a Reliability (Engineering) 
650 0 |a Public works  |x Maintenance and repair. 
650 0 |a Structural optimization. 
650 0 |a Life cycle costing. 
700 1 |a Frangopol, Dan M. 
711 2 |a ASCE Technical Committee on Optimal Structural Design Meeting  |d (1997 :  |c Portland, Or.) 
711 2 |a Structures Congress  |n (15th :  |d 1997 :  |c Portland, Or.) 
999 |a MARS 
999 f f |s 8a4e300b-e607-3bc5-831d-a10b16aaa9c9  |i 1924a6e4-3e36-3954-85bd-b66c2e0011cc  |t 0 
952 f f |p ric  |a Texas A&M University  |b Rellis Campus  |c Joint Library Facility  |d Remote Storage  |t 0  |e TA153 .I54 1997  |h Library of Congress classification  |i unmediated -- volume  |m A14822158436 
998 f f |a TA153 .I54 1997  |t 0  |l Remote Storage